Увеличение крупности отбиваемой руды как средство снижения поступления углеводородов в атмосферу озокеритовых карьеров; Сборник информационных материалов; № 3

書誌詳細
Parent link:Сборник информационных материалов/ Среднеазиатский научно-исследовательский и проектный институт цветной металлургии.— , 1967-1968
№ 3.— 1967.— С. 34-38
第一著者: Ецин Б. Ф.
その他の著者: Корогодский Ш. А.
言語:ロシア語
出版事項: 1967
フォーマット: 図書の章
KOHA link:https://koha.lib.tpu.ru/cgi-bin/koha/opac-detail.pl?biblionumber=216969

MARC

LEADER 00000naa2a2200000 4500
001 216969
005 20260421142959.0
035 |a (RuTPU)RU\TPU\book\236945 
035 |a RU\TPU\book\236938 
090 |a 216969 
100 |a 20120530d1967 k y0rusy50 ca 
101 0 |a rus 
102 |a UZ 
200 1 |a Увеличение крупности отбиваемой руды как средство снижения поступления углеводородов в атмосферу озокеритовых карьеров  |f Б. Ф. Ецин, Ш. А. Корогодский 
461 1 |0 (RuTPU)RU\TPU\book\42632  |t Сборник информационных материалов  |f Среднеазиатский научно-исследовательский и проектный институт цветной металлургии  |d 1967-1968 
463 1 |0 (RuTPU)RU\TPU\book\236914  |t № 3  |v С. 34-38  |d 1967 
700 1 |a Ецин  |b Б. Ф. 
701 1 |a Корогодский  |b Ш. А. 
801 1 |a RU  |b 63413507  |c 20120530 
801 2 |a RU  |b 63413507  |c 20120530  |g RCR 
942 |c BK